[Event "POL-chT 2nd League"]
[Site "Jastrzebia Gora"]
[Date "2022.09.07"]
[Round "5.36"]
[White "Paprocka, Renata"]
[Black "Giefert, Sara"]
[Result "1-0"]
[WhiteElo "1869"]
[BlackElo "1682"]
[PlyCount "117"]
[EventDate "2022.09.03"]
[EventType "team-swiss"]
[EventRounds "9"]
[EventCountry "POL"]
[SourceTitle "CBM 210 Extra"]
[Source "ChessBase"]
[SourceDate "2022.11.30"]
[SourceVersion "1"]
[SourceVersionDate "2022.11.30"]
[SourceQuality "1"]
[WhiteTeam "Bydgoszcz Wiartrak"]
[BlackTeam "Sanovia Lesko"]
[WhiteTeamCountry "POL"]
[BlackTeamCountry "POL"]

1. d4 Nf6 2. Nf3 g6 3. c4 Bg7 4. Nc3 d6 5. e4 0-0 6. Be2 e5 7. 0-0 Nbd7 8. Be3 c6 9. d5 c5 10. a3 Ng4 11. Bd2 f5 12. h3 Ngf6 13. Ng5 Nb8 14. exf5 gxf5 15. b4 b6 16. bxc5 bxc5 17. Ne6 Bxe6 18. dxe6 Nc6 19. Nd5 Re8 20. Bg5 Rf8 21. Bh5 Ne7 22. Bf7+ Rxf7 23. exf7+ Kxf7 24. Nxe7 Qxe7 25. Rb1 Rd8 26. Rb3 Rd7 27. Qc2 Qe6 28. Bxf6 Bxf6 29. Rfb1 e4 30. Qe2 Be5 31. Qh5+ Kg7 32. Rb7 Bf6 33. Qd1 Bd4 34. Qa4 Rf7 35. Qc6 e3 36. Qd5 exf2+ 37. Kf1 Qxd5 38. cxd5 c4 39. Rxf7+ Kxf7 40. Rb4 Kf6 41. Rxc4 Ke5 42. Rc7 Kxd5 43. Rxh7 Bc5 44. h4 Ke5 45. Rf7 Ke6 46. Rf8 d5 47. Rc8 Bb6 48. h5 Kf6 49. Rc6+ Kg7 50. Rd6 f4 51. Rxd5 Kh6 52. Rf5 Be3 53. a4 Kg7 54. Ke2 Kh6 55. g4 Kg7 56. a5 Kh7 57. Rd5 Kh6 58. Kf1 Kh7 59. g5 1-0

[Event "Malopolska Region-chB"]
[Site "Krakow"]
[Date "2019.06.23"]
[Round "7"]
[White "Giefert, Sara"]
[Black "Wnek, Filip"]
[Result "0-1"]
[WhiteElo "1523"]
[BlackElo "1694"]
[PlyCount "108"]
[EventDate "2019.06.20"]
[EventType "swiss"]
[EventRounds "7"]
[EventCountry "POL"]
[SourceTitle "EXT 2020"]
[Source "ChessBase"]
[SourceDate "2019.10.17"]
[SourceVersion "1"]
[SourceVersionDate "2019.10.17"]
[SourceQuality "1"]

1. e4 c5 2. Nf3 Nc6 3. Bb5 g6 4. Bxc6 dxc6 5. d4 cxd4 6. Qxd4 Qxd4 7. Nxd4 Bg7 8. c3 Nf6 9. f3 0-0 10. Be3 Bd7 11. 0-0 Rfd8 12. Na3 c5 13. Nb3 b6 14. Rfd1 Be6 15. Kf2 Kf8 16. Ke1 a6 17. Bf4 Ne8 18. Nc2 f5 19. exf5 Bxf5 20. Ne3 Be6 21. Rxd8 Rxd8 22. Rd1 Rc8 23. Nd5 Rc6 24. Ne3 Kf7 25. Rd8 Nd6 26. Nc1 b5 27. Rb8 h6 28. Kd2 g5 29. Bg3 Nc4+ 30. Nxc4 Bxc4 31. Ke3 Re6+ 32. Kf2 b4 33. b3 Bb5 34. c4 Bd4+ 35. Kf1 Bc6 36. Rd8 g4 37. f4 Be4 38. Bf2 Bxf2 39. Kxf2 Rd6 40. Rxd6 exd6 41. g3 Kf6 42. Ke3 Bb1 43. Kd2 Kf5 44. Ke3 h5 45. Kd2 Ke4 46. Ke2 a5 47. Kf2 d5 48. cxd5 Kxd5 49. Ke3 c4 50. bxc4+ Kxc4 51. Kd2 a4 52. Kd1 a3 53. Kd2 Bxa2 54. Nxa2 b3 0-1

[Event "Malopolska Region-chB"]
[Site "Krakow"]
[Date "2019.06.20"]
[Round "1"]
[White "Giefert, Sara"]
[Black "Czarkowski, Tomasz"]
[Result "0-1"]
[WhiteElo "1523"]
[BlackElo "1876"]
[PlyCount "82"]
[EventDate "2019.06.20"]
[EventType "swiss"]
[EventRounds "7"]
[EventCountry "POL"]
[SourceTitle "EXT 2020"]
[Source "ChessBase"]
[SourceDate "2019.10.17"]
[SourceVersion "1"]
[SourceVersionDate "2019.10.17"]
[SourceQuality "1"]

1. e4 e6 2. d4 d5 3. Nd2 Nf6 4. e5 Ne4 5. Bd3 Nxd2 6. Bxd2 c5 7. c3 Qb6 8. Qb3 Qxb3 9. axb3 Nc6 10. Ne2 cxd4 11. cxd4 Bd7 12. 0-0 Nb4 13. Bxb4 Bxb4 14. Rfc1 0-0 15. Rc2 a5 16. f3 a4 17. bxa4 Bxa4 18. Rcc1 Bd2 19. Rcb1 Bb3 20. Ra3 Bc4 21. Bxc4 dxc4 22. Rba1 Rxa3 23. Rxa3 b5 24. Ra7 Rc8 25. Kf2 b4 26. Ra2 g6 27. g3 Kg7 28. h3 c3 29. bxc3 Bxc3 30. Nxc3 Rxc3 31. Ke2 b3 32. Rb2 Kf8 33. Rd2 Ke7 34. h4 Kd7 35. d5 exd5 36. Rxd5+ Kc6 37. Rd8 Kc7 38. Rd2 Kc6 39. Rd8 Rc5 40. f4 b2 41. Rc8+ Kb7 0-1